Opatrenia sociálnej politiky na zmiernenie dopadov globálnej krízy

V čase globálnej krízy je úloha sociálnej politiky rozhodujúca. Primeraná sociálna politika zmierni nepriaznivé sociálne vplyvy na najzraniteľnejšie skupiny obyvateľstva. Rozhodujúcu úlohu plní systém sociálnej ochrany, ktorý je hlavným proticyklickým a stabilizujúcim činiteľom vo verejných výdavkoc...

Ausführliche Beschreibung

Gespeichert in:
Bibliographische Detailangaben
1. Verfasser: Ošková, Silvia, 1979-
Format: Buchkapitel
Sprache:Slowakisch
Schlagworte:
Tags: Tag hinzufügen
Keine Tags, Fügen Sie das erste Tag hinzu!

MARC

LEADER 00000nla$a2200000$$$4500
001 0108399
005 20240502072209.8
041 0 |a slo 
044 |a SK 
245 1 0 |a Opatrenia sociálnej politiky na zmiernenie dopadov globálnej krízy  |c Silvia Ošková 
520 |a V čase globálnej krízy je úloha sociálnej politiky rozhodujúca. Primeraná sociálna politika zmierni nepriaznivé sociálne vplyvy na najzraniteľnejšie skupiny obyvateľstva. Rozhodujúcu úlohu plní systém sociálnej ochrany, ktorý je hlavným proticyklickým a stabilizujúcim činiteľom vo verejných výdavkoch. Systém musí na jednej strane pokryť všetkých obyvateľov a na strane druhej umožniť občanom opätovne sa zapojiť do spoločnosti a trhu práce. 
610 2 0 |a kríza hospodárska 
610 2 0 |a politika sociálna 
100 1 |a Ošková, Silvia, 1979-